Normal view
MARC view
Entry Personal Name
001 - CONTROL NUMBER
- control field: 24031
003 - CONTROL NUMBER IDENTIFIER
- control field: OSt
005 - DATE AND TIME OF LATEST TRANSACTION
- control field: 20230524201419.0
008 - FIXED-LENGTH DATA ELEMENTS
- fixed length control field: 230524|| aca||aabn | a|a d
040 ## - CATALOGING SOURCE
- Original cataloging agency: OSt
- Transcribing agency: OSt
100 ## - HEADING--PERSONAL NAME
- Personal name: "Jackie Neider, Tom Devis , Dave Shreiner,,"
670 ## - SOURCE DATA FOUND
- Source citation: Work cat.: (OSt)35573: Mason Woo 24030, Open GL Programming Guide, 2000
